000 00792nam a2200265 i 4500
001 51018
003 ES-MaACL
005 20230906162258.0
007 t|
008 030808s1987 sp ||||1| spa d
020 _a84-7214-381-3
100 1 _aCurtis, William J. R.
_942249
245 1 0 _aLe Corbusier
_b: ideas y formas /
_cWilliam J.R. Curtis ; traducción Jorge Sáinz Avia.
250 _a1ª ed.
260 _aMadrid :
_bHermann Blume,
_c1987.
300 _a240 p. :
_bil. ;
_c29 cm.
490 1 _aMaestros de la arquitectura
500 _aIndice.
504 _aBibliografia.
600 0 4 _aLe Corbusier.
_970860
700 1 _aSáinz Avia, Jorge.
_9101576
830 0 _aMaestros de la arquitectura
_9187170
852 _aES-MaACL
_jG-14556
_bR.115214
999 _c51018
_d51018